Open Data Biblioteca Nacional de Portugal


República Portuguesa: Ministério da Cultura
Biblioteca Nacional de Portugal

Catálogo da BNP: acesso por Identificadores Unívocos
Registos Bibliográficos associados ao registo de autoridade

Etiqueta de registo: 00254nam 2200025 450
001 2284799
003 http://id.bnportugal.gov.pt/bib/catbnp/2284799
100 ## $a20260420d1962 m y0pory01030103ba
101 0# $apor
102 ## $aPT
105 ## $aa t 000yy
106 ## $ar
200 1# $aKim Kebranoz e os táxis vermelhos$edona Elvira$fpor Peyo e Will$gtrad. Luis Soczka
210 #9 $aLisboa$cUnião Gráfica,$d1962
215 ## $a63, [2] p.$ctodo il.$d29 cm
225 2# $aKim Kebranoz$v1
317 ## $aColeção Leandro de Moraes Sarmento$5PTBN: L.M.S. 716
620 ## $dLisboa
675 ## $a087.5(084.1)$vmed$zpor$3288233
700 #0 $aPeyo,$cpseud.$370419
701 #0 $aWill$4070$348290
702 #1 $aSoczka,$bLuís,$f1948-2025$4730$31996355
801 #0 $aPT$bBN$gRPC
966 ## $lBN$mFGMON$pBiblioteca particular Leandro de Moraes Sarmento$sL.M.S. 716 $x3

Etiqueta de registo: 00254nam 2200025 450
001 2284797
003 http://id.bnportugal.gov.pt/bib/catbnp/2284797
100 ## $a20260420d1967 m y0pory01030103ba
101 0# $apor
102 ## $aPT
105 ## $aa t 000yy
106 ## $ar
200 1# $aKim Kebranoz$edona Elvira$fpor Peyo e Will$gtrad. Luis Soczka
210 #9 $aLisboa$cUnião Gráfica,$d1967
215 ## $a62, [2] p.$ctodo il.$d29 cm
225 2# $aKim Kebranoz$v2
317 ## $aColeção Leandro de Moraes Sarmento$5PTBN: L.M.S. 717
517 1# $aDona Elvira
620 ## $dLisboa
675 ## $a087.5(084.1)$vBN$zpor$3288233
700 #0 $aPeyo,$cpseud.$370419
701 #0 $aWill$4070$348290
702 #1 $aSoczka,$bLuís,$f1948-2025$4730$31996355
801 #0 $aPT$bBN$gRPC
966 ## $lBN$mFGMON$pBiblioteca particular Leandro de Moraes Sarmento$sL.M.S. 717 $x1

OpendataBNP@bnportugal.pt | Mais informação sobre acesso aos dados BNP